Euroopa Riigid - Statistics

General Stats
  • This quiz has been taken 321 times
  • The average score is 37 of 45
Answers on the Map
Answers color-coded by a green-red scale on the quiz's map according to % correct below.
 
Answer Stats
Riigid % Correct
Itaalia
96%
Saksamaa
96%
Soome
96%
Eesti
95%
Läti
95%
Poola
95%
Portugal
95%
Leedu
94%
Rootsi
94%
Ukraina
94%
Hispaania
93%
Norra
92%
Prantsusmaa
92%
Valgevene
91%
Iirimaa
90%
Venemaa
90%
Kreeka
88%
Slovakkia
88%
Suurbritannia
88%
Taani
88%
Madalmaad
87%
Šveits
87%
Belgia
86%
Island
84%
Austria
82%
Rumeenia
82%
Albaania
79%
Sloveenia
79%
Tšehhi
79%
Ungari
76%
Bulgaaria
75%
Horvaatia
74%
Malta
71%
Serbia
71%
Bosnia ja Hertsegoviina
70%
Luksemburg
70%
Moldova
70%
Montenegro
68%
Andorra
67%
Põhja-Makedoonia
67%
Vatikan
67%
Monaco
65%
San Marino
64%
Kosovo
62%
Liechtenstein
49%
No matching quizzes found
Score Distribution
Percent of People with Each Score
Percentile by Number Answered
Your Score History
You have not taken this quiz